Catálogo

Cuidados en enfermería materno-infantil / (Registro nro. 3494)

Detalles MARC
000 -LEADER
fixed length control field 01764nam a2200385 i 4500
001 - CONTROL NUMBER
control field 3494
003 - CONTROL NUMBER IDENTIFIER
control field Mx-PuUPA
005 - DATE AND TIME OF LATEST TRANSACTION
control field 20260428131108.0
008 - FIXED-LENGTH DATA ELEMENTS--GENERAL INFORMATION
fixed length control field 140415s2021 sp a gr 001 0 spa d
020 ## - INTERNATIONAL STANDARD BOOK NUMBER
International Standard Book Number 9788491137795
040 ## - CATALOGING SOURCE
Transcribing agency Mx-PuUPA
Original cataloging agency Mx-PuUPA
Language of cataloging spa
Modifying agency Mx-PuUPA
Description conventions rda
041 1# - LANGUAGE CODE
Language code of text/sound track or separate title spa
Language code of original eng
130 0# - MAIN ENTRY--UNIFORM TITLE
Uniform title Maternity and women's health care.
Language of a work Español
245 10 - TITLE STATEMENT
Title Cuidados en enfermería materno-infantil /
Statement of responsibility, etc. Deitra Leonard Lowdermilk, Shannon E. Perry, Kitty Cashion, Kathryn Rhodes Alden, Ellen F. Olshansky, autores ; esta traducción ha sido llevada a cabo por Elsevier España
250 ## - EDITION STATEMENT
Edition statement 12a. edición
264 #1 - PRODUCTION, PUBLICATION, DISTRIBUTION, MANUFACTURE, AND COPYRIGHT NOTICE
Place of production, publication, distribution, manufacture Barcelona, España :
Name of producer, publisher, distributor, manufacturer Elsevier España,
Date of production, publication, distribution, manufacture, or copyright notice 2021
300 ## - PHYSICAL DESCRIPTION
Extent xxvii, 861 páginas :
Other physical details ilustraciones (a color) ;
Dimensions 28 cm
336 ## - CONTENT TYPE
Fuente rdacontent
Content type term texto
Content type code txt
337 ## - MEDIA TYPE
Source rdamedia
Media type term sin medio
Media type code n
338 ## - CARRIER TYPE
Source rdacarrier
Carrier type term volumen
Carrier type code nc
650 #7 - SUBJECT ADDED ENTRY--TOPICAL TERM
Source of heading or term armarc
Topical term or geographic name entry element Enfermería neonatal
650 #7 - SUBJECT ADDED ENTRY--TOPICAL TERM
Source of heading or term armarc
Topical term or geographic name entry element Enfermería pediátrica
700 1# - ADDED ENTRY--PERSONAL NAME
Personal name Lowdermilk, Deitra Leonard,
Relator term autor
700 1# - ADDED ENTRY--PERSONAL NAME
Personal name Perry, Shannon E.,
Relator term autor
700 1# - ADDED ENTRY--PERSONAL NAME
Personal name Cashion, Kitty,
Relator term autor
700 1# - ADDED ENTRY--PERSONAL NAME
Personal name Alden, Kathryn Rhodes,
Relator term autor
700 1# - ADDED ENTRY--PERSONAL NAME
Personal name Olshansky, Ellen F.,
Relator term autor
710 2# - ADDED ENTRY--CORPORATE NAME
Corporate name or jurisdiction name as entry element Elsevier España
Relator term traductor
765 0# - ORIGINAL LANGUAGE ENTRY
Main entry heading Lowdermilk, Deitra Leonard
Title Maternity and Women's Health Care
International Standard Book Number 9780323556293
942 ## - ADDED ENTRY ELEMENTS (KOHA)
Source of classification or shelving scheme Dewey Decimal Classification
Koha item type Libro
Classification part 618.9200231
Item part M4218
Existencias
Withdrawn status Lost status Source of classification or shelving scheme Damaged status Not for loan Collection code Home library Current library Shelving location Date acquired Source of acquisition Cost, normal purchase price Total Checkouts Full call number Barcode Date last seen Copy number Cost, replacement price Price effective from Koha item type
    Dewey Decimal Classification     General Biblioteca Karol Wojtyla Biblioteca Karol Wojtyla Sala general 27/04/2026 1 1137.00   618.9200231 M4218 2021 106479 08/05/2026 Ej.2 1137.00 27/04/2026 Libro
    Dewey Decimal Classification     General Biblioteca Karol Wojtyla Biblioteca Karol Wojtyla Sala general 27/04/2026 1 1137.00   618.9200231 M4218 2021 106478 08/05/2026   1137.00 27/04/2026 Libro